LIBRARY & INFORMATION CENTRE, KCAET, TAVANUR

ONLINE PUBLIC ACCESS CATALOGUE (OPAC)

Development of modern education / (Record no. 10961)

MARC details
000 -LEADER
fixed length control field 00386cam a2200145ua 4500
041 ## - LANGUAGE CODE
Language code of text/sound track or separate title eng
082 ## - DEWEY DECIMAL CLASSIFICATION NUMBER
Classification number 370.1
Item number EBY/DE
100 ## - MAIN ENTRY--AUTHOR NAME
Personal name Eby, Frederick .
245 ## - TITLE STATEMENT
Title Development of modern education /
260 ## - PUBLICATION, DISTRIBUTION, ETC. (IMPRINT)
Place of publication New Delhi :
Name of publisher Prentice Hall of India Pvt Ltd. ,
Year of publication 1964.
300 ## - PHYSICAL DESCRIPTION
Number of Pages 719 ; .
942 ## - ADDED ENTRY ELEMENTS (KOHA)
Koha item type Books
Holdings
Withdrawn status Lost status Damaged status Home library Current library Date acquired Full call number Accession Number Koha item type
Withdrawn     KAUAET Malayalam University 07/04/2012 370.1 10788 Books
free website counter